000
00201nam a22000857a 4500
001
1236067
005
20251001123915.0
245
_a
EYVAH KİTAP
_c
MİNE SOYSAL
260
_b
GÜNIŞIĞI KİTAPLIĞI YAYINLARI
999
_c
1236067
_d
1236067